[Event "Tocancipa Cundinamarca Cup"]
[Site "Tocancipa"]
[Date "2024.05.12"]
[Round "5"]
[White "Lopez Ramirez, David Santiago"]
[Black "Luna Velandia, Juan Sebastian"]
[Result "0-1"]
[WhiteElo "2225"]
[BlackElo "1940"]
[PlyCount "104"]
[EventDate "2024.05.11"]
[EventType "swiss"]
[EventRounds "6"]
[EventCountry "COL"]
[SourceTitle "CBM 220 Extra"]
[Source "ChessBase"]
[SourceDate "2024.07.31"]
[SourceVersion "1"]
[SourceVersionDate "2024.07.31"]
[SourceQuality "1"]

1. d4 Nf6 2. c4 g6 3. Nc3 Bg7 4. e4 d6 5. h3 0-0 6. Be3 e5 7. d5 a5 8. g4 Na6 9. Nge2 Nc5 10. Ng3 b6 11. Qd2 Qe7 12. Be2 Bd7 13. 0-0-0 Na4 14. f3 Nxc3 15. Qxc3 Rfb8 16. Qc2 a4 17. h4 c5 18. g5 Ne8 19. h5 b5 20. hxg6 fxg6 21. Rh4 h5 22. Nf5 gxf5 23. exf5 bxc4 24. Bxc4 e4 25. Rxe4 Bxf5 26. Rxe7 Bxc2 27. Kxc2 Rxb2+ 28. Kd3 Bf8 29. Rd7 Ng7 30. Rd2 Rxd2+ 31. Bxd2 Re8 32. Bc3 Nf5 33. Kd2 h4 34. g6 Be7 35. Bf1 Bg5+ 36. Kd3 c4+ 37. Kxc4 Ne3+ 38. Kd3 Nxf1 39. Rh7 Re3+ 40. Kc4 Rxc3+ 41. Kxc3 Ne3 42. Kb4 Nxd5+ 43. Kxa4 Nf6 44. Rb7 h3 45. Rb1 h2 46. Kb3 Be3 47. Rh1 Bg1 48. a4 Nh5 49. a5 Ng3 50. Rxh2 Bxh2 51. Kc4 Nf5 52. a6 Bg1 0-1

[Event "Tocancipa Cundinamarca Cup"]
[Site "Tocancipa"]
[Date "2024.05.11"]
[Round "3"]
[White "Lopez Ramirez, David Santiago"]
[Black "Cardozo Munar, Carlos Eduardo"]
[Result "1/2-1/2"]
[WhiteElo "2225"]
[BlackElo "2043"]
[PlyCount "74"]
[EventDate "2024.05.11"]
[EventType "swiss"]
[EventRounds "6"]
[EventCountry "COL"]
[SourceTitle "CBM 220 Extra"]
[Source "ChessBase"]
[SourceDate "2024.07.31"]
[SourceVersion "1"]
[SourceVersionDate "2024.07.31"]
[SourceQuality "1"]

1. c4 e6 2. d4 d5 3. cxd5 exd5 4. Nc3 Nf6 5. Bf4 Bd6 6. Bxd6 Qxd6 7. Qc2 0-0 8. e3 a6 9. Bd3 Re8 10. Nge2 Nc6 11. a3 Bg4 12. 0-0 Bxe2 13. Nxe2 Ne7 14. Ng3 c6 15. Rfe1 Rad8 16. Rad1 Nc8 17. f3 Qd7 18. Qf2 Qc7 19. Bb1 Qb6 20. h3 Nd6 21. Bd3 g6 22. e4 Nb5 23. e5 Nd7 24. Bxb5 Qxb5 25. b4 Qa4 26. Ra1 a5 27. Reb1 b6 28. f4 c5 29. bxc5 bxc5 30. dxc5 Nf8 31. Rd1 Re6 32. Rf1 f5 33. Ne2 d4 34. Rfd1 d3 35. Nc3 Qc4 36. Rac1 Rc6 37. Nb1 Qd4 1/2-1/2

[Event "Soacha Ventura op"]
[Site "Soacha"]
[Date "2023.12.09"]
[Round "4"]
[White "Lopez Ramirez, David Santiago"]
[Black "Pedraza Aldana, Alexandra"]
[Result "1-0"]
[WhiteElo "2042"]
[BlackElo "1322"]
[PlyCount "57"]
[EventDate "2023.12.08"]
[EventType "swiss"]
[EventRounds "10"]
[EventCountry "COL"]
[SourceTitle "EXT 2025"]
[Source "ChessBase"]
[SourceDate "2024.10.14"]
[SourceVersion "1"]
[SourceVersionDate "2024.10.14"]
[SourceQuality "1"]

1. d4 d5 2. Nf3 Nf6 3. g3 Bg4 4. Bg2 e6 5. 0-0 Bd6 6. c4 c6 7. Ne5 Bh5 8. Qb3 Qc7 9. cxd5 cxd5 10. Nc3 a6 11. e4 Nc6 12. Nxc6 bxc6 13. e5 Be7 14. exf6 Bxf6 15. Bf4 Qd7 16. Be5 Bg5 17. f4 Bh6 18. Qa3 f6 19. Bd6 Rd8 20. Bc5 f5 21. Qxa6 Rc8 22. Na4 Rb8 23. Nb6 Qc7 24. Rfe1 Bf7 25. b4 g5 26. Bxd5 cxd5 27. Nxd5 Qc8 28. Nf6+ Kd8 29. Qd6+ 1-0